|
|
|
|
| LEADER |
00000nam0a2200000 4500 |
| 001 |
199559 |
| 005 |
20231031184343.0 |
| 035 |
|
|
|a (RuTPU)RU\TPU\book\217593
|
| 090 |
|
|
|a 199559
|
| 100 |
|
|
|a 20110816d1981 km y0rusy50 ca
|
| 101 |
0 |
|
|a rus
|
| 102 |
|
|
|a RU
|
| 105 |
|
|
|a a z 001zy
|
| 200 |
1 |
|
|a Квазиклассическая теория модельной химической реакции
|f В. В. Толмачев
|
| 210 |
|
|
|a Москва
|c Изд-во МГУ
|d 1981
|
| 215 |
|
|
|a 120 с.
|c ил.
|
| 320 |
|
|
|a Библиогр.: с. 119.
|
| 610 |
1 |
|
|a химические реакции
|
| 610 |
1 |
|
|a квазиклассическая теория
|
| 610 |
1 |
|
|a реакционное рассеяние
|
| 610 |
1 |
|
|a угловые переменные
|
| 610 |
1 |
|
|a интегрирование
|
| 610 |
1 |
|
|a квазиклассические приближения
|
| 675 |
|
|
|a 544.18
|v 3
|
| 700 |
|
1 |
|a Толмачев
|b В. В.
|g Владимир Виниаминович
|
| 801 |
|
1 |
|a RU
|b 63413507
|c 20110816
|
| 801 |
|
2 |
|a RU
|b 63413507
|c 20130603
|g RCR
|
| 942 |
|
|
|c BK
|